header

Mastering OpenLDAP (Record no. 227714)

MARC details
000 -LEADER
fixed length control field 01196nam a2200301 a 4500
100 1# - MAIN ENTRY--AUTHOR NAME
Personal name Butcher, Matt.
245 10 - TITLE STATEMENT
Title Mastering OpenLDAP
260 ## - PUBLICATION, DISTRIBUTION, ETC. (IMPRINT)
Place of publication Birmingham, U.K. :
Name of publisher Packt Pub.,
Year of publication c2007.
300 ## - PHYSICAL DESCRIPTION
Number of Pages viii, 467 p. :
Other physical details ill.
490 1# - SERIES STATEMENT
Series statement From technologies to solutions
500 ## - GENERAL NOTE
General note Includes index.
650 #0 - SUBJECT ADDED ENTRY--TOPICAL TERM
Topical Term LDAP (Computer network protocol)
856 40 - ELECTRONIC LOCATION AND ACCESS
Uniform Resource Identifier http://site.ebrary.com/lib/rucke/Doc?id=10453720

No items available.

© 2026 Rongo University
Contact us: librarian | system librarian | Rongo university